Strategie podnikání

Enregistré dans:
Détails bibliographiques
Auteur principal: Foster, Richard N.
Autres auteurs: Nevřela, Felix
Format: Livre
Langue:tchèque
Publié: Praha Melantrich 1990
Édition:1. vyd.
Tags: Ajouter un tag
Pas de tags, Soyez le premier à ajouter un tag!

MARC

LEADER 00000nam a2200000 4500
001 c022902
005 20250127100214.7
041 0 |a cze 
044 |a CZ 
245 1 0 |a Strategie podnikání  |c Richard N. Foster ; [Z angl. prel.] Felix Nevřela 
250 |a 1. vyd. 
264 1 |a Praha  |b Melantrich  |c 1990 
300 |a 238 s. 
100 1 |a Foster, Richard N. 
700 1 |a Nevřela, Felix